00505nam a2200181Ia 4500003000400000005001700004008004100021020001700062040000700079041000800086082002400094100004000118245008300158250000600241260004700247300001500294365001400309OSt20230509165007.0210423s2009 xx 000 0 und d a100321570146 cAL aeng a660.6078 223bSEIL aSEIDMAN (Lisa A);MOORE (Cynthia J). aBasic laboratory methods for biotechnology: textbook and laboratory reference. a2 aNew DelhibPearson Education Pvt Ltdc2009 aix,789bPB b4071cINR